Matemáticas recreativas : cuentos y rompecabezas de matemáticas /

Guardado en:
Autor Principal: Perel´man, IA. I. 1882-1942.
Formato: Libro
Idioma:Spanish
Russian
Publicado: Moscú : Editorial Mir, 1965.
Series:Ciencia popular
Etiquetas: Agregar Etiqueta
Sin Etiquetas, Sea el primero en etiquetar este registro!
LEADER 00573nam a22001575a 4500
001 MAT.inmabb002795
008 050914s1965####ru#a##########000#0#spa#d
005 20110908163411.0
245 1 0 |a Matemáticas recreativas :  |b cuentos y rompecabezas de matemáticas /  |c Ya. Perelmán ; [traducido del ruso por F. Blanco]. 
260 |a Moscú :  |b Editorial Mir,  |c 1965. 
300 |a 223 p. :  |b il. ;  |c 19 cm. 
490 0 |a Ciencia popular 
100 1 |a Perel´man, IA. I.  |q (IAkov Isidorovich),  |d 1882-1942. 
084 |a 00A08  |2 msc2000 
041 1 |a spa  |h rus 
859 |h 00A08  |i P437  |p A-5244  |b BIB. MATEMATICA